Estrategia didáctica para el desarrollo de la habilidad de interpretar problemas matemáticos. (Record no. 591)

MARC details
000 -LEADER
campo de control de longitud fija 02695nam a2200565Ia 4500
001 - NÚMERO DE CONTROL
campo de control 653
008 - DATOS DE LONGITUD FIJA--INFORMACIÓN GENERAL
campo de control de longitud fija 241029s9999 xx 000 0 und d
010 ## - NÚMERO DE CONTROL DE LA BIBLIOTECA DEL CONGRESO
Número de control de LC 591
041 ## - CÓDIGO DE IDIOMA
Código de lengua del texto/banda sonora o título independiente Español
082 ## - NÚMERO DE LA CLASIFICACIÓN DECIMAL DEWEY
Número de clasificación TPG MMM-08 2010
245 #0 - MENCIÓN DEL TÍTULO
Título Estrategia didáctica para el desarrollo de la habilidad de interpretar problemas matemáticos.
260 ## - PUBLICACIÓN, DISTRIBUCIÓN, ETC.
Lugar de publicación, distribución, etc. Distrito Nacional
300 ## - DESCRIPCIÓN FÍSICA
Extensión 72
520 ## - RESUMEN, ETC.
Sumario, etc. 18
520 ## - RESUMEN, ETC.
Sumario, etc. Debido a las insuficiencias para interpretar problemas matemáticos en los estudiantes del Nivel Medio, se ha considerado pertinente la búsqueda de alternativas metodológicas que eleven la calidad de la enseñanza y, del mismo modo, posibiliten el desarrollo de habilidades en el proceso docente-educativo de la Matemática.  En correspondencia con ello, en este trabajo de investigación se propone el diseño de una estrategia didáctica para el desarrollo de la habilidad interpretar problemas matemáticos. Se realiza una valoración del proceso docente-educativo de la Matemática en la República Dominicana. El desarrollo de habilidades y la interpretación de problemas matemáticos como habilidad necesaria en el proceso, considerando los aportes de diversos autores sobre el desarrollo de habilidades y la interpretación de problemas matemáticos. Además, de que se exponen los presupuestos teóricos en que se sustenta la estrategia y se realiza una validación de la misma a través de una consulta a especialistas.Se recomienda elaborar materiales metodológicos, para la preparación de los maestros en los cursos de formación y superación docente.
630 ## - PUNTO DE ACCESO ADICIONAL DE MATERIA--TÍTULO UNIFORME
Título uniforme Diseño
630 ## - PUNTO DE ACCESO ADICIONAL DE MATERIA--TÍTULO UNIFORME
Título uniforme Enseñanza-Aprendizaje
630 ## - PUNTO DE ACCESO ADICIONAL DE MATERIA--TÍTULO UNIFORME
Título uniforme Estrategia de Aprendizaje
630 ## - PUNTO DE ACCESO ADICIONAL DE MATERIA--TÍTULO UNIFORME
Título uniforme Interpretación
630 ## - PUNTO DE ACCESO ADICIONAL DE MATERIA--TÍTULO UNIFORME
Título uniforme Proceso Educativo
650 ## - PUNTO DE ACCESO ADICIONAL DE MATERIA--TÉRMINO DE MATERIA
Término de materia o nombre geográfico como elemento de entrada Matemática
690 ## - PUNTO DE ACCESO ADICIONAL DE MATERIA LOCAL--TÉRMINO DE MATERIA (OCLC, RLIN)
Término de materia o nombre geográfico como elemento inicial Sintetizado
700 ## - ENTRADA AGREGADA--NOMBRE PERSONAL
Término indicativo de función/relación asesor
Nombre de persona Montes de Oca Recio , Nancy
700 ## - ENTRADA AGREGADA--NOMBRE PERSONAL
Término indicativo de función/relación autor
Nombre de persona Espinal Jiménez , Miguel Antonio
901 ## - ELEMENTOS DE DATOS A LOCAL LDA (RLIN)
a {"1":"Espinal Jiménez "}
b {"1":"Miguel Antonio"}
902 ## - ELEMENTOS DE DATOS B LOCAL, LDB (RLIN)
a 1
903 ## - ELEMENTOS DE DATOS C LOCAL, LDC (RLIN)
a {"1":"Montes de Oca Recio "}
b {"1":"Nancy"}
904 ## - ELEMENTOS DE DATOS D LOCAL, LDD (RLIN)
a Maestría en
905 ## - ELEMENTOS DE DATOS E LOCAL, LDE (RLIN)
a Ciencias de la Educación
906 ## - ELEMENTOS DE DATOS F LOCAL, LDF (RLIN)
a 1
907 ## - ELEMENTOS DE DATOS G LOCAL, LDG (RLIN)
a Mención en
908 ## - COLOCAR PARÁMETRO DE COMANDO (RLIN)
Colocar parámetro de comando Enseñanza Superior
909 ## -
-- Universidad Acción Pro Educación y Cultura (UNAPEC)
910 ## - DATOS DE OPCIÓN DEL USUARIO (OCLC)
Datos de opción del usuario NULL
-- NULL
911 ## - EQUIVALENCIA O REFERENCIA-CRUZADA-NOMBRE DE CONFERENCIA O REUNIÓN/CONGRESO [LOCAL, CANADÁ]
Nombre de congreso/reunión o jurisdicción como elemento de entrada ["1"]
912 ## -
-- Universidad de Camagüey (UC), Cuba
913 ## -
-- NULL
914 ## -
-- 03 de Mayo de 2010
915 ## -
-- 21/12/19 08:12
916 ## -
-- NULL
917 ## -
-- NULL
918 ## -
-- NO APLICA
919 ## -
-- ["224","89","93","235","165"]
921 ## -
-- 16
922 ## -
-- 16
923 ## -
-- 0
924 ## -
-- NO APLICA
942 ## - ELEMENTOS DE ENTRADA SECUNDARIOS (KOHA)
Tipo de ítem Koha

No items available.

© 2024. Todos los Derechos Reservados. Desarrollado por IDEICE